Paroles - En boucle - Adèle Castillon & Zamdane - Statistiques

Statistiques générales
  • Ce quiz a été pris 96 fois
  • Le résultat moyen est 223 sur 307
Statistiques - réponses
Paroles % Correct
Je
98%
"je
98%
je
98%
quand
98%
à
97%
a
97%
Et
97%
et
97%
pense
97%
toi,
97%
toi
97%
tu
97%
Ça
95%
ça
95%
en
95%
En
95%
est
95%
nous ?
95%
nous
95%
que
95%
boucle
93%
penses
93%
fait
92%
fois
92%
mille
92%
au
88%
ce
88%
Est-ce
88%
la
88%
88%
les
88%
Les
88%
l'histoire
88%
moins
88%
de
85%
mes
85%
pas
82%
dans
80%
Dans
80%
J'ai
80%
j'ai
80%
ma
80%
fais
78%
mon
78%
ne
78%
te
78%
carnets
77%
des
77%
Des
77%
On
75%
quoi ?
75%
recommencer
75%
un
75%
pris
73%
Toutes
73%
court
72%
erreurs
72%
rues,
72%
t'aime",
72%
y
72%
as
70%
l'air
70%
l'ennui
70%
notes
70%
nuit
70%
Qu'j'écris
70%
yeux
70%
m'fait
68%
passé
68%
prend
68%
s'dit
68%
une
68%
Une
68%
d'l'effet
67%
humeurs
67%
paresseux
67%
ai
65%
clope,
65%
qu'ça
65%
tête,
65%
J'allume
63%
j'vais
63%
mal,
63%
sur
63%
gommés
62%
pote
62%
tous
62%
voir
62%
s'émerveille,
60%
j'les
58%
Mais
58%
(Mais
58%
C'est
55%
c'est
55%
comme
55%
dire,
55%
dire
55%
l'cœur
55%
peurs,
55%
malheurs,
53%
jetées
52%
52%
dur
50%
c'moment
48%
si
47%
bras
45%
Pardonne-moi,
45%
c'que
43%
difficile
43%
j'n'ai
43%
pour
43%
qui
43%
sais
43%
viens
43%
jour
42%
jour)
42%
j'sais
42%
loin
42%
avec
40%
honnête
40%
j'peux
40%
nouveau
40%
peux
40%
aujourd'hui
38%
d'un
38%
Ni
38%
prendre
38%
suffit
38%
Crois-moi
37%
donner
37%
faire
37%
Même
37%
soin
37%
d'moi
35%
lourd
35%
qu'tu
35%
rester
35%
d'être
33%
d'toi
33%
j'voudrais
33%
meurs
33%
promis
33%
bella
32%
mieux
32%
personne
32%
qu'c'est
32%
qu'on
32%
m'aidera
30%
Oublie
30%
sous
30%
brouille
27%
Dieu
27%
dit
27%
finit
27%
Oh,
27%
qu't'es
27%
t'enlèvera
27%
draps
25%
installée
25%
entre
23%
Faut
23%
partage
23%
s'rapprocher,
23%
J't'assure
22%
cas
20%
c'qu'on
20%
garder
20%
secrets
20%
Occupe-toi
18%
toi-même
18%
Aucun quiz correspondant
Distribution des résultats
% des personnes avec chaque résultat
Percentile par nombre de réponses
Votre historique - résultats
Vous n’avez pas pris ce quiz